[Event "Verden op-A"]
[Site "Verden"]
[Date "2023.01.08"]
[Round "7"]
[White "Ehlert, Horst"]
[Black "Schumann, Steffen"]
[Result "1/2-1/2"]
[WhiteElo "2026"]
[BlackElo "1927"]
[PlyCount "23"]
[EventDate "2023.01.05"]
[EventType "swiss"]
[EventRounds "7"]
[EventCountry "GER"]
[SourceTitle "CBM 212 Extra"]
[Source "ChessBase"]
[SourceDate "2023.03.31"]
[SourceVersion "1"]
[SourceVersionDate "2023.03.31"]
[SourceQuality "1"]

1. d4 Nf6 2. Nf3 g6 3. c4 Bg7 4. Nc3 0-0 5. Bf4 d6 6. e3 Nbd7 7. Be2 c5 8. 0-0 b6 9. h3 Bb7 10. d5 a6 11. a4 Qc7 12. Qd2 1/2-1/2

[Event "GER-ch Seniors 65 32nd"]
[Site "Magdeburg"]
[Date "2020.08.15"]
[Round "2"]
[White "Syre, Christian"]
[Black "Ehlert, Horst"]
[Result "1-0"]
[WhiteElo "2222"]
[BlackElo "2006"]
[PlyCount "93"]
[EventDate "2020.08.14"]
[EventType "swiss"]
[EventRounds "9"]
[EventCountry "GER"]
[SourceTitle "EXT 2021"]
[Source "ChessBase"]
[SourceDate "2020.10.23"]
[SourceVersion "1"]
[SourceVersionDate "2020.10.23"]
[SourceQuality "1"]

1. d4 Nf6 2. Nf3 e6 3. Bf4 c5 4. e3 Nc6 5. Nbd2 d5 6. c3 Be7 7. h3 0-0 8. Bd3 c4 9. Bc2 b5 10. a3 Bb7 11. Qe2 a5 12. e4 dxe4 13. Nxe4 Nxe4 14. Qxe4 g6 15. 0-0 Bf6 16. Bh6 Re8 17. Rad1 Qc7 18. Qe2 Rad8 19. Rfe1 Rd7 20. a4 b4 21. Qxc4 Ne7 22. Bd3 bxc3 23. bxc3 Qxc4 24. Bxc4 Rc8 25. Bb5 Rdd8 26. Rc1 Nf5 27. Bf4 Bxf3 28. gxf3 Nh4 29. Be2 Kg7 30. Kf1 h5 31. Red1 Rd5 32. Ba6 Rcd8 33. Bb7 R5d7 34. Bc6 Ra7 35. Be4 Be7 36. Ke2 f5 37. Bc6 g5 38. Rg1 Kh6 39. Bd2 Ng6 40. Rb1 Rd6 41. Be8 Nh8 42. h4 Rd8 43. hxg5+ Kg7 44. Bxh5 Ng6 45. Rh1 Nf8 46. Rb6 Rd6 47. Rhb1 1-0

[Event "Bremen Silvester op"]
[Site "Bremen"]
[Date "2019.12.28"]
[Round "3"]
[White "Koenig, Emmilie"]
[Black "Ehlert, Horst"]
[Result "0-1"]
[WhiteElo "1517"]
[BlackElo "2038"]
[PlyCount "78"]
[EventDate "2019.12.27"]
[EventType "swiss"]
[EventRounds "7"]
[EventCountry "GER"]
[SourceTitle "CBM 194 Extra"]
[Source "ChessBase"]
[SourceDate "2020.03.31"]
[SourceVersion "1"]
[SourceVersionDate "2020.03.31"]
[SourceQuality "1"]

1. d4 Nf6 2. Nf3 c5 3. c3 b6 4. h3 Bb7 5. Bf4 d6 6. e3 g6 7. Nbd2 Bg7 8. Be2 0-0 9. 0-0 a6 10. dxc5 bxc5 11. Nh2 Qc7 12. Bf3 Nc6 13. Ne4 Nxe4 14. Bxe4 Rab8 15. Rb1 Ne5 16. Bxb7 Rxb7 17. Nf3 Nxf3+ 18. Qxf3 Rfb8 19. b3 Bxc3 20. Rfd1 a5 21. Rd3 Bg7 22. Rbd1 c4 23. Rxd6 exd6 24. Bxd6 Qc8 25. Bxb8 Rxb8 26. bxc4 Qxc4 27. Qd5 Qxd5 28. Rxd5 Ra8 29. Kf1 a4 30. g4 a3 31. e4 Rb8 32. Rd3 Rb1+ 33. Kg2 Bf8 34. e5 Rb2 35. Re3 Rxa2 36. e6 fxe6 37. Rxe6 Rc2 38. Ra6 a2 39. h4 Bg7 0-1

[Event "Niedersachsen-ch op A"]
[Site "Verden"]
[Date "2018.01.07"]
[Round "7"]
[White "Moerke, Niklas"]
[Black "Ehlert, Horst"]
[Result "0-1"]
[WhiteElo "1846"]
[BlackElo "1963"]
[PlyCount "138"]
[EventDate "2018.01.04"]
[EventType "swiss"]
[EventRounds "7"]
[EventCountry "GER"]
[SourceTitle "EXT 2022"]
[Source "ChessBase"]
[SourceDate "2021.10.06"]
[SourceVersion "1"]
[SourceVersionDate "2021.10.06"]
[SourceQuality "1"]

1. e4 c5 2. Nf3 e6 3. d4 cxd4 4. Nxd4 a6 5. c4 Qc7 6. Nc3 Nf6 7. Be3 d6 8. f3 Be7 9. Bd3 Nbd7 10. 0-0 b6 11. Rc1 0-0 12. b4 Bb7 13. Kh1 Rac8 14. b5 a5 15. f4 Nc5 16. Qc2 Nxd3 17. Qxd3 Qxc4 18. Qb1 Qb4 19. Qxb4 axb4 20. Na4 Nd7 21. Nc6 Bxc6 22. Rxc6 Ra8 23. Nxb6 Nxb6 24. Bxb6 Rfb8 25. Rfc1 Rxa2 26. Rc8+ Rxc8 27. Rxc8+ Bf8 28. Bg1 b3 29. b6 b2 30. b7 b1Q 31. b8Q Qxb8 32. Rxb8 f6 33. h3 Kf7 34. Rb7+ Kg6 35. Rb8 Be7 36. Rb7 Bd8 37. Rd7 Ba5 38. Rxd6 Bc7 39. Rxe6 Bxf4 40. g4 Re2 41. Re7 Be5 42. g5 Rxe4 43. gxf6 gxf6 44. Kg2 Rc4 45. Bf2 h5 46. Rb7 Rc2 47. Kf3 Rc3+ 48. Kg2 Rd3 49. Re7 Rb3 50. Rd7 Bf4 51. Re7 Kf5 52. Rh7 Kg6 53. Re7 Bg5 54. Rd7 Rb4 55. Re7 Kf5 56. Rh7 Rb8 57. Re7 Bf4 58. Rg7 Ke4 59. Rg6 f5 60. Re6+ Kd5 61. Rg6 Rb3 62. Rg8 Ke4 63. Rh8 Rb2 64. Re8+ Be5 65. Kg1 f4 66. Ra8 Rb1+ 67. Kh2 f3+ 68. Bg3 Rb2+ 69. Kh1 Bxg3 0-1

[Event "Niedersachsen-ch op A"]
[Site "Verden"]
[Date "2018.01.04"]
[Round "2"]
[White "Ehlert, Horst"]
[Black "Koch, Yannick"]
[Result "1/2-1/2"]
[WhiteElo "1963"]
[BlackElo "2061"]
[PlyCount "139"]
[EventDate "2018.01.04"]
[EventType "swiss"]
[EventRounds "7"]
[EventCountry "GER"]
[SourceTitle "EXT 2022"]
[Source "ChessBase"]
[SourceDate "2021.10.06"]
[SourceVersion "1"]
[SourceVersionDate "2021.10.06"]
[SourceQuality "1"]

1. c4 e6 2. Nf3 Nf6 3. e3 d5 4. d4 Be7 5. Be2 0-0 6. 0-0 dxc4 7. Bxc4 b6 8. a3 Bb7 9. b4 Nbd7 10. Nbd2 c5 11. bxc5 bxc5 12. Bb2 Nb6 13. Be2 Qd5 14. a4 cxd4 15. Bxd4 Bc5 16. Bxc5 Qxc5 17. Qb3 Bd5 18. Qb5 Qe7 19. a5 Nbd7 20. Rfc1 Rab8 21. Qa4 Rfc8 22. h3 h6 23. Rxc8+ Rxc8 24. Qd4 Rc7 25. Ne5 Nxe5 26. Qxe5 Qc5 27. Bf3 Nd7 28. Qb2 Rb7 29. Qc1 Bxf3 30. Nxf3 Rb5 31. Qxc5 Rxc5 32. Nd4 a6 33. Kf1 g6 34. Ke2 e5 35. Nb3 Rb5 36. Ra3 Kf8 37. Kd3 Ke7 38. Kc3 Nb8 39. Nd2 Nc6 40. Nc4 Rc5 41. Kb3 Ke6 42. Ra1 e4 43. g3 h5 44. Ra2 Rd5 45. Ka4 Rb5 46. Rc2 Rc5 47. Kb3 Nxa5+ 48. Nxa5 Rxa5 49. Rc6+ Ke5 50. g4 hxg4 51. hxg4 Ra1 52. g5 a5 53. Rf6 a4+ 54. Kb2 Rg1 55. Rxf7 Rxg5 56. Ra7 Rf5 57. Kc3 Rxf2 58. Ra5+ Ke6 59. Rxa4 Kf5 60. Ra8 Re2 61. Rf8+ Ke5 62. Re8+ Kd5 63. Rd8+ Kc6 64. Rf8 Rxe3+ 65. Kd4 Rf3 66. Rxf3 exf3 67. Ke3 f2 68. Kxf2 Kd5 69. Kg3 Ke5 70. Kg4 1/2-1/2

[Event "Hannover Bezirk-ch C"]
[Site "Lehrte"]
[Date "2017.10.29"]
[Round "4.2"]
[White "Ehlert, Horst"]
[Black "Schulz, Daniel"]
[Result "1/2-1/2"]
[WhiteElo "1991"]
[BlackElo "1976"]
[PlyCount "35"]
[EventDate "2017.10.28"]
[EventType "swiss"]
[EventRounds "7"]
[EventCountry "GER"]
[SourceTitle "EXT 2022"]
[Source "ChessBase"]
[SourceDate "2021.10.06"]
[SourceVersion "1"]
[SourceVersionDate "2021.10.06"]
[SourceQuality "1"]

1. c4 Nf6 2. g3 c6 3. Bg2 d5 4. Nf3 Bf5 5. b3 e6 6. 0-0 Be7 7. Bb2 h6 8. d4 0-0 9. Nc3 Nbd7 10. Rc1 Rc8 11. Re1 Qc7 12. Nd2 Qb8 13. h3 Rfd8 14. e3 Bg6 15. Qe2 Bf8 16. e4 dxe4 17. Ndxe4 Bb4 18. a3 1/2-1/2

[Event "Rheinland Pfalz op Seniors 15th"]
[Site "Neustadt an der Weinstrasse"]
[Date "2017.07.15"]
[Round "1"]
[White "Ehlert, Horst"]
[Black "Daitche, Josef"]
[Result "1-0"]
[WhiteElo "1936"]
[BlackElo "1706"]
[PlyCount "125"]
[EventDate "2017.07.15"]
[EventType "swiss"]
[EventRounds "9"]
[EventCountry "GER"]
[SourceTitle "EXT 2018"]
[Source "ChessBase"]
[SourceDate "2017.10.13"]
[SourceVersion "1"]
[SourceVersionDate "2017.10.13"]
[SourceQuality "1"]

1. c4 c5 2. g3 e5 3. Bg2 Nf6 4. Nc3 a6 5. e3 Qc7 6. Nge2 Nc6 7. 0-0 d6 8. a3 Bf5 9. d3 g6 10. Rb1 Bg7 11. b4 cxb4 12. axb4 0-0 13. b5 Nd8 14. bxa6 Rxa6 15. Nb5 Qc5 16. Qb3 Ne8 17. Ba3 Qc8 18. Rfc1 Bd7 19. Nec3 Be6 20. Nd5 Qd7 21. c5 Kh8 22. cxd6 Rg8 23. e4 Rc6 24. Qb4 Bf8 25. Qb2 f6 26. f4 Rxc1+ 27. Rxc1 Bxd5 28. exd5 exf4 29. gxf4 Bg7 30. Qb4 Nf7 31. Qc5 Bf8 32. Qb6 Nexd6 33. Nxd6 Bxd6 34. Bxd6 Nxd6 35. Qc7 Rd8 36. Qxd7 Rxd7 37. Kf2 Kg7 38. Bh3 f5 39. Bg2 Re7 40. Rc5 h6 41. h4 Kf6 42. Rc1 b5 43. Rc6 Rd7 44. Ke3 Kf7 45. Kd4 Ke7 46. Kc5 Rb7 47. Rxd6 b4 48. Rxg6 Kf7 49. Rxh6 Kg7 50. Re6 b3 51. Re1 Rc7+ 52. Kd4 b2 53. Rb1 Rc2 54. Bf3 Kf6 55. h5 Rf2 56. Ke3 Rc2 57. h6 Rh2 58. h7 Kg7 59. d6 Rh6 60. Rxb2 Kxh7 61. d7 Rd6 62. Bc6 Kg7 63. Rb8 1-0

[Event "Niedersachsen-ch op-B"]
[Site "Verden"]
[Date "2017.01.07"]
[Round "6"]
[White "Ehlert, Horst"]
[Black "Renner, Kai"]
[Result "0-1"]
[WhiteElo "1949"]
[BlackElo "2170"]
[PlyCount "114"]
[EventDate "2017.01.05"]
[EventType "swiss"]
[EventRounds "7"]
[EventCountry "GER"]
[SourceTitle "CBM 187 Extra"]
[Source "ChessBase"]
[SourceDate "2018.11.04"]
[SourceVersion "1"]
[SourceVersionDate "2018.11.04"]
[SourceQuality "1"]

1. c4 f5 2. Nf3 Nf6 3. g3 g6 4. Bg2 Bg7 5. 0-0 0-0 6. Nc3 d6 7. d4 Nc6 8. d5 Na5 9. Qd3 e5 10. dxe6 Bxe6 11. Nd5 h6 12. Nd4 Bf7 13. Bd2 c6 14. Nxf6+ Qxf6 15. Bxa5 Qxd4 16. Qxd4 Bxd4 17. Rfd1 Be5 18. f4 Bxb2 19. Rab1 Ba3 20. Rxb7 Rab8 21. Bxc6 Bxc4 22. Kf1 Bc5 23. Rdb1 Rxb7 24. Rxb7 Bxa2 25. Bc3 Rf7 26. Rb8+ Rf8 27. Rb7 Bf7 28. Bd5 a5 29. Bxf7+ Rxf7 30. Rxf7 Kxf7 31. Bxa5 Ke6 32. Kg2 Kd5 33. Kf3 Kc4 34. h3 d5 35. Bd8 Kc3 36. h4 Kd2 37. Ba5+ Kd1 38. Bc3 h5 39. Ba5 Bd4 40. Bb4 Bb6 41. Bc3 Bc5 42. Ba5 Ba3 43. Bc3 Bc1 44. Kf2 Kc2 45. Ba5 d4 46. Bb6 Be3+ 47. Ke1 Bg1 48. Ba5 Be3 49. Bb4 Kb3 50. Ba5 Kc4 51. Kf1 Kd5 52. Bb4 Ke4 53. Ba5 d3 54. exd3+ Kf3 55. Bd8 Kxg3 56. Ke2 Bxf4 57. d4 Kg2 0-1

[Event "Niedersachsen-ch op-B"]
[Site "Verden"]
[Date "2017.01.05"]
[Round "1"]
[White "Kuegel, Tobias"]
[Black "Ehlert, Horst"]
[Result "1-0"]
[WhiteElo "2274"]
[BlackElo "1949"]
[PlyCount "65"]
[EventDate "2017.01.05"]
[EventType "swiss"]
[EventRounds "7"]
[EventCountry "GER"]
[SourceTitle "CBM 187 Extra"]
[Source "ChessBase"]
[SourceDate "2018.11.04"]
[SourceVersion "1"]
[SourceVersionDate "2018.11.04"]
[SourceQuality "1"]

1. e4 c5 2. c4 e6 3. Nf3 Qc7 4. Nc3 a6 5. Be2 d6 6. d4 cxd4 7. Nxd4 Nf6 8. 0-0 Be7 9. Be3 Nbd7 10. f3 b6 11. Rc1 Bb7 12. Qe1 0-0 13. Qg3 Rfe8 14. Qf2 Rac8 15. Rfd1 Qb8 16. Nb3 Nc5 17. Bd4 Qc7 18. Nd2 Ncd7 19. b4 d5 20. cxd5 exd5 21. Nxd5 Qxc1 22. Nxe7+ Rxe7 23. Rxc1 Rxc1+ 24. Nf1 b5 25. Qe3 Rc8 26. Ng3 h6 27. Nf5 Re6 28. Bd1 Kf8 29. Bb3 Rec6 30. h3 Nh5 31. Kh2 Re8 32. Bd5 Rc7 33. Bxg7+ 1-0

[Event "Hannover-chC"]
[Site "Lehrte"]
[Date "2015.10.30"]
[Round "3"]
[White "Ehlert, Horst"]
[Black "Kiesel, Harald"]
[Result "1/2-1/2"]
[WhiteElo "1913"]
[BlackElo "2025"]
[PlyCount "103"]
[EventDate "2015.10.29"]
[EventType "swiss"]
[EventRounds "7"]
[EventCountry "GER"]
[SourceTitle "EXT 2021"]
[Source "ChessBase"]
[SourceDate "2020.10.23"]
[SourceVersion "1"]
[SourceVersionDate "2020.10.23"]
[SourceQuality "1"]

1. c4 e5 2. Nc3 Nf6 3. g3 d5 4. cxd5 Nxd5 5. Bg2 Nb6 6. Nf3 Nc6 7. 0-0 Be7 8. d3 0-0 9. Be3 Be6 10. Na4 Nxa4 11. Qxa4 f6 12. Rac1 a6 13. Bc5 Bd5 14. e4 Be6 15. d4 Nxd4 16. Nxd4 exd4 17. Rfd1 Bxc5 18. Rxc5 b5 19. Qxd4 Bxa2 20. f4 Qxd4+ 21. Rxd4 Rad8 22. Rxd8 Rxd8 23. Rxc7 Rd1+ 24. Kf2 Rd2+ 25. Kg1 a5 26. Bf1 Rxb2 27. Rc5 Rb1 28. Kf2 a4 29. Bxb5 a3 30. Bd3 Rb2+ 31. Ke3 Bb3 32. Bc4+ Bxc4 33. Rxc4 Rxh2 34. Ra4 a2 35. e5 fxe5 36. fxe5 Kf7 37. Ke4 Re2+ 38. Kd5 h5 39. Ra7+ Kg6 40. Kd6 Rd2+ 41. Ke7 Kf5 42. e6 Re2 43. Ra5+ Re5 44. Rxa2 Rxe6+ 45. Kf7 Rb6 46. Kxg7 Rg6+ 47. Kh7 Rxg3 48. Kh6 h4 49. Kh5 h3 50. Kh4 Rg2 51. Ra5+ Kf4 52. Kxh3 1/2-1/2

[Event "Hannover Ihme Cup"]
[Site "Hannover"]
[Date "2015.05.09"]
[Round "2"]
[White "Ehlert, Horst"]
[Black "Schulze, Torben"]
[Result "0-1"]
[WhiteElo "1966"]
[BlackElo "2302"]
[PlyCount "46"]
[EventDate "2015.05.08"]
[EventType "swiss"]
[EventRounds "5"]
[EventCountry "GER"]
[SourceTitle "EXT 2021"]
[Source "ChessBase"]
[SourceDate "2020.10.23"]
[SourceVersion "1"]
[SourceVersionDate "2020.10.23"]
[SourceQuality "1"]

1. c4 e5 2. g3 c6 3. Bg2 d5 4. d3 dxc4 5. dxc4 Qxd1+ 6. Kxd1 Bc5 7. e3 Bf5 8. Nf3 Nd7 9. Nbd2 0-0-0 10. Ng5 Bg6 11. a3 Be7 12. Ngf3 a5 13. Ke2 a4 14. h4 f6 15. Bh3 Kc7 16. Bxd7 Rxd7 17. e4 Bf7 18. Ne1 Bc5 19. Rb1 Ne7 20. Nd3 Ba7 21. b4 axb3 22. Rxb3 Rhd8 23. Nb4 Rxd2+ 0-1